| 000 | 01193nam a2200313 a 4500 | ||
|---|---|---|---|
| 003 | CO-PeBPR | ||
| 005 | 20260413133723.0 | ||
| 008 | 231210s2023 ck a|||ar|||| 00||| spa d | ||
| 020 | _a9786289549768 | ||
| 040 | 0 |
_aCO-PeBPR _bspa _erda _cCO-PeBPR |
|
| 041 | 0 | _hspa | |
| 082 | 0 | 4 | _a(i) Co863 B932s |
| 100 | 1 |
_aBuitrago, Jairo _d1970- _eautor _9279117 |
|
| 245 | 1 | 0 |
_aSiete cuervos y ocho cuentos _c/ Jairo Buitrago ; ilustraciones de Juan Camilo Mayorga |
| 250 | _aEdición especial | ||
| 264 |
_aBogotá, Colombia _b: Cataplum Libros _c, 2023 |
||
| 300 |
_a55 páginas _b: ilustraciones a color _c; 23 centímetros |
||
| 336 |
_atexto _btxt |
||
| 337 |
_asin mediación _bn _2rdamedia |
||
| 338 |
_avolumen _bnc _2rdacarrier |
||
| 521 | _aRecomendado para un público infantil a partir de los 6 años | ||
| 650 | 1 | 4 |
_2LEMB _aCuentos infantiles colombianos _ySiglo XXI _9279118 |
| 650 | 1 | 4 |
_2LEMB _aLiteratura infantil colombiana _ySiglo XXI _9279119 |
| 650 | 1 | 4 |
_2LEMB _aNiños en la literatura _9504 |
| 650 | 1 | 4 |
_2LEMB _aImaginación en la literatura _9505 |
| 650 | 1 | 4 |
_2LEMB _aLibros ilustrados para niños _916 |
| 700 | 1 |
_aMayorga, Juan Camilo _eilustrador _9279120 |
|
| 942 |
_2ddc _cBKINF |
||
| 999 |
_c17378 _d17378 |
||